[Event "Barcelona UGA"]
[Site "Barcelona ESP"]
[Date "1993.??.??"]
[Round "5"]
[White "Castro, Oscar H"]
[Black "Braga, Fernando"]
[Result "1/2-1/2"]
[WhiteElo "2410"]
[BlackElo "2435"]
[PlyCount "24"]
[EventDate "1993.??.??"]
[Source "www.chesslib.no"]
[SourceDate "2004.05.04"]

1. e4 e6 2. d4 d5 3. e5 c5 4. Nf3 Nc6 5. c3 Qb6 6. Be2 cxd4 7. cxd4 Nge7 8. Nc3 Nf5 9. Na4 Qa5+ 10. Bd2 Bb4 11. Bc3 Bxc3+ 12. Nxc3 Qb6 1/2-1/2

[Event "Cansys IM-A"]
[Site "Budapest HUN"]
[Date "1991.??.??"]
[Round "8"]
[White "Baumhus, Reinhard"]
[Black "Budnikov, Alexandar"]
[Result "1/2-1/2"]
[WhiteElo "2405"]
[BlackElo "2440"]
[PlyCount "80"]
[EventDate "1991.??.??"]
[Source "www.chesslib.no"]
[SourceDate "2004.05.04"]

1. e4 e6 2. d4 d5 3. e5 c5 4. Nf3 cxd4 5. Bd3 Ne7 6. O-O Nec6 7. Bf4 Nd7 8. Re1 Be7 9. a3 g5 10. Bg3 h5 11. h3 Rg8 12. b4 a6 13. Nbd2 g4 14. hxg4 hxg4 15. Nh2 Bh4 16. Bf4 g3 17. fxg3 Bxg3 18. Bxg3 Rxg3 19. Ndf3 Qc7 20. Qe2 Ncxe5 21. Nxe5 Re3 22. Qf2 Qxe5 23. Ng4 Rxe1+ 24. Rxe1 Qg7 25. Qf4 Ke7 26. Nh6 Ke8 27. Nf5 Qf6 28. Qc7 Kf8 29. Nd6 Qf4 30. Qd8+ Kg7 31. Nxc8 Nf6 32. Qd6 Qh4 33. g3 Qh6 34. Qc7 Ng4 35. Re2 Qh3 36. Rg2 Rxc8 37. Qxc8 Ne3 38. Bf1 Nxg2 39. Bxg2 Qxg3 40. Qc5 Qe1+ 1/2-1/2

[Event "Santiago Open"]
[Site "Santiago CHI"]
[Date "1994.??.??"]
[Round "?"]
[White "Vasquez, Rodrigo"]
[Black "Barria, Daniel"]
[Result "1-0"]
[WhiteElo "2490"]
[BlackElo "2345"]
[PlyCount "65"]
[EventDate "1994.??.??"]
[Source "www.chesslib.no"]
[SourceDate "2004.05.04"]

1. e4 e6 2. d4 d5 3. e5 c5 4. Nf3 Nc6 5. Bd3 cxd4 6. O-O f6 7. Qe2 fxe5 8. Nxe5 Nf6 9. f4 Bd6 10. Nd2 O-O 11. Ndf3 Qe7 12. a3 Bd7 13. Bd2 Rae8 14. Ng5 Bxe5 15. fxe5 Ne4 16. Nxe4 dxe4 17. Qxe4 g6 18. Qe2 Qg7 19. Rfe1 h6 20. b4 Rd8 21. Qe4 Rf5 22. Qh4 g5 23. Qg3 Rdf8 24. Bxf5 Rxf5 25. c3 Nxe5 26. cxd4 Ng6 27. Qb8+ Kh7 28. Qxb7 Nf4 29. Qe4 Bc8 30. Bxf4 gxf4 31. Qd3 Bb7 32. Ra2 f3 33. Rxe6 1-0

[Event "CZE-chT1c 9495"]
[Site "Czech Republic"]
[Date "1995.??.??"]
[Round "7"]
[White "Sikora-Lerch, Jan"]
[Black "Polak, Tomas"]
[Result "1-0"]
[WhiteElo "2415"]
[BlackElo "2420"]
[PlyCount "63"]
[EventDate "1994.??.??"]
[Source "www.chesslib.no"]
[SourceDate "2004.05.04"]

1. e4 e6 2. d4 d5 3. e5 c5 4. Nf3 Nc6 5. Bd3 cxd4 6. O-O Bc5 7. Nbd2 Nge7 8. Nb3 Bb6 9. Bf4 Ng6 10. Bg3 f6 11. exf6 gxf6 12. Nbxd4 O-O 13. Nxc6 bxc6 14. Bxg6 hxg6 15. Qd3 Kg7 16. Rfe1 e5 17. Qc3 e4 18. Nd4 c5 19. Nb5 Bd7 20. Nd6 Qe7 21. a4 c4 22. Qb4 Kh7 23. a5 Bd4 24. Rad1 Rab8 25. Qd2 Be5 26. Qxd5 Bg4 27. f3 exf3 28. gxf3 Be6 29. Qe4 Rxb2 30. Qh4+ Kg8 31. Bxe5 Rxc2 32. Qe4 1-0

[Event "New York USA"]
[Site "?"]
[Date "1999.09.06"]
[Round "6"]
[White "Burnett Ronald"]
[Black "Bonin Jay R"]
[Result "0-1"]
[WhiteElo "2423"]
[BlackElo "2411"]
[PlyCount "98"]
[EventDate "1999.??.??"]
[Source "www.chesslib.no"]
[SourceDate "2004.05.04"]

1. e4 e6 2. d4 d5 3. e5 c5 4. Nf3 Qb6 5. c4 Nc6 6. cxd5 exd5 7. Be2 cxd4 8. O-O Nge7 9. Na3 Ng6 10. Nb5 Bc5 11. b4 Bxb4 12. Rb1 O-O 13. Nbxd4 Qa5 14. Nxc6 bxc6 15. Nd4 Nxe5 16. Bf4 Ng6 17. Nxc6 Qc5 18. Rc1 Bc3 19. Bd2 Qxc6 20. Bxc3 Nf4 21. Bf3 Qg6 22. Qd4 Ne6 23. Qxd5 Ba6 24. Bh5 Nf4 25. Bxg6 Nxd5 26. Be4 Bxf1 27. Bxd5 Rad8 28. Bb4 Rfe8 29. Bxf7+ Kxf7 30. Kxf1 Rc8 31. Rd1 Red8 32. Re1 Rc2 33. a3 Rd5 34. Re3 a5 35. Be1 Rd1 36. f3 Ra1 37. Re5 a4 38. Ra5 Rxa3 39. Ra7+ Ke6 40. Rxg7 Ra1 41. Rxh7 Rcc1 42. Rh6+ Kd5 43. Rh5+ Kd4 44. Rh4+ Kd3 45. Kf2 Rxe1 46. Rh8 Re2+ 47. Kg3 a3 48. h4 a2 49. Rd8+ Kc4 0-1

[Event "Biel"]
[Site "Biel"]
[Date "1984.??.??"]
[Round "?"]
[White "Gobet, Fernand"]
[Black "Garcia Gonzales, Guillermo"]
[Result "0-1"]
[WhiteElo "2360"]
[BlackElo "2470"]
[PlyCount "72"]
[EventDate "1984.07.??"]
[Source "ChessBase"]

1. e4 e6 2. d4 d5 3. e5 c5 4. Nf3 Nc6 5. Bd3 cxd4 6. O-O Bd7 7. Re1 h6 8. h4 Bc5 9. Nbd2 Nge7 10. Nb3 Bb6 11. a4 a6 12. Qd2 Qc7 13. a5 Ba7 14. Qf4 f5 15. c3 dxc3 16. bxc3 g5 17. Qg3 gxh4 18. Qxh4 O-O-O 19. Ba3 Ng6 20. Qh2 Be8 21. Nbd4 Qf7 22. Nxc6 Bxc6 23. Nd4 Qd7 24. Rab1 h5 25. Rb2 h4 26. Reb1 h3 27. g3 Nxe5 28. Be2 Nc4 29. Ra2 Nxa3 30. Rxa3 e5 31. Nxc6 Qxc6 32. g4 f4 33. Rab3 Rh7 34. g5 Rg8 35. Bg4+ Kb8 36. Bxh3 Rxg5+ 0-1

[Event "World Cup VI Final"]
[Site "Cork World Cup VI Final"]
[Date "1994.??.??"]
[Round "?"]
[White "Cutillas Ripoll, Pascual"]
[Black "Cody, Philip C"]
[Result "1-0"]
[WhiteElo "2465"]
[BlackElo "2365"]
[PlyCount "107"]
[EventDate "1994.??.??"]
[Source "www.chesslib.no"]
[SourceDate "2004.05.04"]

1. e4 e6 2. d4 d5 3. e5 c5 4. Nf3 cxd4 5. Bd3 Nd7 6. O-O Ne7 7. Bf4 Ng6 8. Bg3 Qb6 9. Nbd2 Qxb2 10. Qe2 Bc5 11. Nb3 a6 12. a4 O-O 13. h4 Qc3 14. Ng5 Be7 15. Nxh7 Kxh7 16. h5 Rh8 17. hxg6+ fxg6 18. Qh5+ Kg8 19. Qxg6 Nf8 20. Qg4 Bd7 21. f4 Rc8 22. Bf2 Rh6 23. Bxd4 Qb4 24. Qg3 Bd8 25. c3 Qe7 26. Nd2 Be8 27. f5 Qg5 28. Qxg5 Bxg5 29. Nf3 Be7 30. Rab1 Rc7 31. a5 Bd8 32. g4 Bf7 33. Be3 Rh3 34. Kg2 Rh8 35. Bb6 Rxc3 36. Bxd8 Rxd3 37. Rxb7 Be8 38. f6 gxf6 39. exf6 Rh7 40. Be7 Nd7 41. Ng5 Rh4 42. f7+ Bxf7 43. Nxf7 Rxg4+ 44. Kh2 Rd2+ 45. Kh3 Rg7 46. Nh6+ Kh7 47. Rxd7 Rd3+ 48. Kh4 Rd2 49. Ng4 Rd4 50. Rg1 Rf4 51. Kh3 Rff7 52. Nf6+ Kh6 53. Bf8 Rxf8 54. Rdxg7 1-0

[Event "Foxwoods Open"]
[Site "?"]
[Date "2000.04.22"]
[Round "5"]
[White "Stripunsky Alexander"]
[Black "Sarkar Justin"]
[Result "0-1"]
[WhiteElo "2512"]
[BlackElo "2316"]
[PlyCount "86"]
[EventDate "2000.??.??"]
[Source "www.chesslib.no"]
[SourceDate "2004.05.04"]

1. e4 e6 2. d4 d5 3. e5 c5 4. Nf3 Nc6 5. Bd3 cxd4 6. O-O Bc5 7. Nbd2 Nge7 8. Nb3 Bb6 9. Bf4 Ng6 10. Bg3 f5 11. h4 O-O 12. h5 Nh8 13. Qd2 Nf7 14. Rfe1 Qe7 15. a3 Nh6 16. Be2 Ng4 17. Nbxd4 Qe8 18. c3 Qxh5 19. Nh2 Qh6 20. Bf4 Qg6 21. Nxg4 fxg4 22. Bd3 Qf7 23. Bg3 h5 24. Qc2 Bxd4 25. cxd4 Nxd4 26. Qc3 Nf5 27. Bf4 Bd7 28. Bg5 Bc6 29. b4 d4 30. Qd2 h4 31. Bxf5 Qxf5 32. Bxh4 Kf7 33. b5 Bd5 34. Qxd4 Rh8 35. Bg3 Bxg2 36. f4 Rad8 37. Qe3 Rd3 38. Kxg2 Rxe3 39. Rxe3 Qc2+ 40. Kg1 Rd8 41. b6 axb6 42. Bf2 Rd2 43. Rf1 Rxf2 0-1

[Event "Mitropa Cup"]
[Site "Charleville"]
[Date "2000.12.01"]
[Round "7"]
[White "Degraeve, Jean Marc"]
[Black "Vrana, Frantisek"]
[Result "1-0"]
[WhiteElo "2540"]
[BlackElo "2285"]
[PlyCount "73"]
[EventDate "2000.11.25"]
[Source "ChessBase"]
[SourceDate "2001.01.11"]

1. e4 e6 2. d4 d5 3. e5 c5 4. Nf3 cxd4 5. Bd3 f5 6. a3 Nd7 7. O-O Ne7 8. Re1 Nc6 9. b4 Be7 10. Nbd2 O-O 11. Nb3 Qc7 12. Bf4 a5 13. Nbxd4 Nxd4 14. Nxd4 Nb6 15. Nb5 Qc6 16. Nd6 Bd7 17. Rc1 Qa4 18. c4 axb4 19. axb4 Qxb4 20. Rb1 Qc5 21. Be3 d4 22. Nxb7 Qc6 23. Bxd4 Nxc4 24. Be2 Na3 25. Bf3 Qa4 26. Rc1 Bg5 27. Nc5 Qxd1 28. Rcxd1 Ba4 29. Bxa8 Bxd1 30. Bc6 Bh5 31. Nxe6 Nc2 32. Rb1 Nxd4 33. Nxd4 Be7 34. Rb7 Bc5 35. Ne6 Rc8 36. Bd7 Ra8 37. g4 1-0

[Event "Zalakaros op 19th"]
[Site "?"]
[Date "2000.05.22"]
[Round "4"]
[White "Kernazhitsky Leonid"]
[Black "Gyorkos Lajos"]
[Result "1/2-1/2"]
[WhiteElo "2444"]
[BlackElo "2372"]
[PlyCount "100"]
[EventDate "2000.??.??"]
[Source "www.chesslib.no"]
[SourceDate "2004.05.04"]

1. e4 e6 2. d4 d5 3. e5 c5 4. Nf3 cxd4 5. Bd3 Nc6 6. O-O Bc5 7. Re1 Nge7 8. h4 f6 9. Bf4 Ng6 10. Bg3 Ngxe5 11. Nxe5 fxe5 12. Qh5+ Kf8 13. Bxe5 Nxe5 14. Rxe5 Qf6 15. Nd2 Bd6 16. Nf3 Bd7 17. Ree1 g6 18. Qh6+ Kg8 19. Qg5 Rf8 20. h5 Qxg5 21. Nxg5 e5 22. h6 Re8 23. Bf1 e4 24. g3 Be7 25. Bh3 Bxg5 26. Bxd7 Re7 27. Ba4 Kf7 28. Rad1 Bf6 29. Bb3 Rd8 30. c3 g5 31. cxd4 Kg6 32. Re3 Kxh6 33. g4 Kg7 34. Kg2 h5 35. gxh5 Kh6 36. Rh3 Bg7 37. Rd2 g4 38. Rg3 Kxh5 39. Bd1 Bh6 40. Bxg4+ Kh4 41. Rd1 Bf4 42. Rh1+ Kg5 43. Rh5+ Kg6 44. Ra3 a6 45. Ra5 Bg5 46. f4 exf3+ 47. Bxf3 Re1 48. Rh1 Rxh1 49. Kxh1 Bf6 50. Bxd5 Rd7 1/2-1/2

[Event "Quito Copa Saeta 1st"]
[Site "?"]
[Date "1997.??.??"]
[Round "4"]
[White "Vasquez Ramirez Rocio"]
[Black "Pazos Plinio"]
[Result "0-1"]
[WhiteElo "2480"]
[BlackElo "2330"]
[PlyCount "44"]
[EventDate "1997.??.??"]
[Source "www.chesslib.no"]
[SourceDate "2004.05.04"]

1. e4 e6 2. d4 d5 3. e5 c5 4. Nf3 Ne7 5. Bd3 Nec6 6. O-O cxd4 7. Bf4 Nd7 8. Re1 Be7 9. Nbd2 g5 10. Bg3 g4 11. Nxd4 Nxd4 12. Qxg4 Nc6 13. Qg7 Rf8 14. Bxh7 Qb6 15. Rab1 Nc5 16. c4 Qb4 17. cxd5 exd5 18. Qh6 Ne6 19. a3 Bg5 20. Qh5 Qxd2 21. Red1 Nf4 22. Qf3 Nd4 0-1

[Event "chT-POL"]
[Site "?"]
[Date "2000.09.13"]
[Round "11"]
[White "Ostrowski Leszek"]
[Black "Schmidt Wlodzimierz"]
[Result "0-1"]
[WhiteElo "2375"]
[BlackElo "2434"]
[PlyCount "120"]
[EventDate "2000.??.??"]
[Source "www.chesslib.no"]
[SourceDate "2004.05.04"]

1. e4 e6 2. d4 d5 3. e5 c5 4. Nf3 Nc6 5. Bd3 cxd4 6. O-O Nge7 7. Bf4 Ng6 8. Bg3 Bc5 9. Nbd2 O-O 10. Nb3 Bb6 11. Qd2 f6 12. exf6 gxf6 13. Bxg6 hxg6 14. Nbxd4 Nxd4 15. Nxd4 e5 16. Nf3 Rf7 17. Rad1 Be6 18. Qh6 Bf5 19. c3 g5 20. Nxg5 fxg5 21. Bxe5 Rh7 22. Qf6 Qxf6 23. Bxf6 g4 24. Rxd5 Be6 25. Rg5+ Kf7 26. Bd4 Bxd4 27. cxd4 Kf6 28. Ra5 b6 29. Ra3 Rah8 30. f3 Rxh2 31. fxg4+ Kg5 32. Rff3 Rh1+ 33. Kf2 R8h7 34. Rae3 Bxg4 35. Rf8 Kh4 36. Re4 Rb1 37. Rg8 Rf7+ 38. Ke3 Re1+ 39. Kd3 Rxe4 40. Kxe4 Rf2 41. d5 Rxb2 42. d6 Rd2 43. Ke5 Rxa2 44. Rg7 a5 45. Kf4 Rf2+ 46. Ke5 Rxg2 47. Kf4 Rf2+ 48. Ke3 Rf6 49. d7 Rd6 50. Rg6 Rxd7 51. Rxb6 Bd1 52. Rb2 a4 53. Rd2 Re7+ 54. Kd3 Bb3 55. Kc3 Kg3 56. Kb2 Kf3 57. Rh2 Ke3 58. Rh4 Kd3 59. Ka3 Re2 60. Rh3+ Kc2 0-1

[Event "ESP-ch op"]
[Site "Ayamonte"]
[Date "2002.10.11"]
[Round "8"]
[White "Moreno Ruiz, Javier"]
[Black "Gonzalez de la Torre, Santiago"]
[Result "1-0"]
[WhiteElo "2409"]
[BlackElo "2399"]
[PlyCount "65"]
[EventDate "2002.10.04"]
[Source "ChessBase"]
[SourceDate "2002.11.06"]

1. d4 e6 2. e4 d5 3. e5 c5 4. Nf3 Qb6 5. Bd3 Bd7 6. O-O cxd4 7. Nbd2 Bb5 8. Bxb5+ Qxb5 9. Nxd4 Qd7 10. c4 Nc6 11. Nxc6 bxc6 12. Qa4 Ne7 13. b3 Ng6 14. Bb2 Be7 15. Rac1 c5 16. Qxd7+ Kxd7 17. cxd5 exd5 18. f4 f5 19. exf6 gxf6 20. g3 Rhg8 21. Rc2 a5 22. Ba3 Rac8 23. Kf2 Rc6 24. Rd1 Bd6 25. Nb1 Ne7 26. Nc3 c4 27. Nxd5 Bxa3 28. Nxf6+ Ke6 29. Nxg8 Nxg8 30. Rxc4 Rxc4 31. bxc4 Nf6 32. Kf3 h5 33. h3 1-0

[Event "54 Abierto"]
[Site "Villa Ballester"]
[Date "2004.01.14"]
[Round "6"]
[White "Flores, Diego"]
[Black "De Dovitiis, Alejo"]
[Result "1-0"]
[WhiteElo "2440"]
[BlackElo "2368"]
[PlyCount "101"]
[EventDate "2004.01.07"]
[Source "Roberto Alvarez"]
[SourceDate "2004.01.19"]

1. e4 e6 2. d4 d5 3. e5 c5 4. Nf3 Nc6 5. Bd3 c4 6. Be2 f6 7. exf6 Nxf6 8. O-O Bd6 9. b3 cxb3 10. axb3 O-O 11. Bb5 Ng4 12. Bxc6 bxc6 13. Ba3 Rxf3 14. gxf3 Bxh2+ 15. Kg2 Nh6 16. Bc1 Bc7 17. Bxh6 gxh6 18. Rh1 Qf6 19. f4 a5 20. Qh5 Kg7 21. Nd2 Bd7 22. Nf3 Bxf4 23. Qg4+ Qg6 24. Kf1 Bg5 25. Qg3 Rf8 26. Rxa5 Bd8 27. Ra7 Qxg3 28. Rxd7+ Kg6 29. fxg3 Rxf3+ 30. Kg2 Rf8 31. Re1 Re8 32. Rd6 Kf5 33. Re5+ Kf6 34. Rxc6 Kf7 35. Rc8 Rg8 36. Rh5 Kg6 37. Rh1 h5 38. Ra1 Kf6 39. Raa8 Ke7 40. Ra7+ Kd6 41. Rxh7 h4 42. Rxh4 Kd7 43. Ra8 Rg7 44. Rh8 Bc7 45. Rag8 Re7 46. Rg6 Ba5 47. c4 dxc4 48. bxc4 Bc3 49. Rh4 e5 50. dxe5 Bxe5 51. Re4 1-0

[Event "DDR Ch 25th"]
[Site "Groeditz"]
[Date "1976.??.??"]
[Round "6"]
[White "Thormann, Wolfgang"]
[Black "Uhlmann, Wolfgang"]
[Result "0-1"]
[WhiteElo "2250"]
[BlackElo "2555"]
[PlyCount "72"]
[EventDate "1976.02.12"]
[Source "www.chesslib.no"]
[SourceDate "2004.05.04"]

1. e4 e6 2. d4 d5 3. e5 c5 4. Nf3 cxd4 5. Bd3 Nc6 6. O-O Nge7 7. Bf4 Ng6 8. Bg3 Be7 9. Nbd2 Bd7 10. Nb3 Rc8 11. Qe2 Nb4 12. Nbxd4 O-O 13. c3 Nxd3 14. Qxd3 Qb6 15. Qd2 f5 16. exf6 gxf6 17. Ne2 Kh8 18. h4 Bd6 19. Bxd6 Qxd6 20. Rfe1 Rc4 21. Qh6 Rf7 22. Rad1 Qf8 23. Qxf8+ Rxf8 24. g3 e5 25. Kh2 Ra4 26. a3 Bc6 27. Neg1 Rg8 28. Nd2 Nxh4 29. gxh4 Rxh4+ 30. Nh3 Bd7 31. Re3 Rg6 32. Ne4 Rgh6 33. Rxd5 Bxh3 34. Rd8+ Kg7 35. Kg1 Rg6+ 36. Rg3 Rxe4 0-1

[Event "URU-chT Interclubes"]
[Site "Villa Biarritz, Montevideo"]
[Date "2001.??.??"]
[Round "?"]
[White "Crosa, Martin"]
[Black "Rodriguez, Andres"]
[Result "1-0"]
[WhiteElo "2302"]
[BlackElo "2500"]
[PlyCount "63"]
[EventDate "2001.05.??"]
[Source "www.chesslib.no"]
[SourceDate "2004.05.04"]

1. e4 e6 2. d4 d5 3. e5 c5 4. Nf3 Nc6 5. Bd3 cxd4 6. O-O Nge7 7. Bf4 Qb6 8. Nbd2 Ng6 9. Bg3 Qxb2 10. Nb3 Bd7 11. h4 Qa3 12. h5 Nge7 13. Bf4 Nc8 14. Nbxd4 Nxd4 15. Nxd4 Qc5 16. Be3 Qc7 17. Qf3 Nb6 18. Rab1 Be7 19. Qg3 g6 20. Nb5 Bxb5 21. Bxb5+ Nd7 22. c4 d4 23. Rfd1 O-O-O 24. Bxd4 Nc5 25. Qf3 Rhf8 26. Be3 gxh5 27. Rxd8+ Rxd8 28. Qxf7 Rf8 29. Qxh5 a6 30. Be8 Qa5 31. a4 Qc3 32. Qxh7 1-0

[Event "New Delhi"]
[Site "Delhi"]
[Date "1987.??.??"]
[Round "?"]
[White "Barua, Dibyendu"]
[Black "Hegde, Ravi Gopal"]
[Result "1-0"]
[WhiteElo "2455"]
[BlackElo "2345"]
[PlyCount "97"]
[EventDate "1987.11.??"]
[Source "www.chesslib.no"]
[SourceDate "2004.05.04"]

1. e4 e6 2. d4 d5 3. e5 c5 4. Nf3 Nc6 5. Bd3 Nge7 6. O-O Nxd4 7. Nxd4 cxd4 8. Bf4 Ng6 9. Bg3 Bc5 10. Nd2 O-O 11. h4 Bd7 12. Nf3 h6 13. h5 Ne7 14. Bf4 Qe8 15. Nh4 Bb5 16. Qg4 Kh8 17. Rad1 Bxd3 18. Rxd3 Rg8 19. Qe2 Nf5 20. Nxf5 exf5 21. Rb3 Bb6 22. Qd2 Kh7 23. Qd3 Qe6 24. a4 Rab8 25. Ra1 a6 26. Kf1 Kh8 27. a5 Ba7 28. Re1 Rgc8 29. Re2 Rc4 30. Bd2 Bc5 31. g3 Qd7 32. Kg2 Rc8 33. Be1 Rc7 34. Qd1 Qc6 35. Rf3 Ba7 36. Rxf5 Kg8 37. e6 fxe6 38. Rfe5 Rxc2 39. Rxe6 Qc4 40. Rxc2 Qxc2 41. Qf3 Kh7 42. Qg4 Kh8 43. Qf5 Rc8 44. Qf7 Bc5 45. b4 Rf8 46. Qc7 Qf5 47. Qxc5 Qxe6 48. Qxf8+ Kh7 49. Bd2 1-0

[Event "New York USA"]
[Site "?"]
[Date "1998.10.12"]
[Round "5"]
[White "Burnett Ronald"]
[Black "Bonin Jay R"]
[Result "1-0"]
[WhiteElo "2395"]
[BlackElo "2405"]
[PlyCount "101"]
[EventDate "1998.??.??"]
[Source "www.chesslib.no"]
[SourceDate "2004.05.04"]

1. e4 e6 2. d4 d5 3. e5 c5 4. Nf3 Qb6 5. Bd3 Bd7 6. dxc5 Bxc5 7. O-O Ne7 8. Nc3 Ng6 9. Qe2 Nc6 10. Na4 Nd4 11. Nxd4 Bxa4 12. c3 Bxd4 13. cxd4 a6 14. Be3 O-O 15. Rfc1 Rfc8 16. Qd2 Ne7 17. g4 Bb5 18. Bc2 a5 19. Bd1 Ba6 20. a4 Qb4 21. Qxb4 axb4 22. f4 Bd3 23. Kf2 h5 24. h3 hxg4 25. hxg4 Be4 26. Bd2 Nc6 27. Ke3 Kh7 28. a5 Kg6 29. a6 bxa6 30. Ba4 Na5 31. b3 Rh8 32. f5+ exf5 33. gxf5+ Bxf5 34. Rg1+ Kh7 35. Bxb4 Nb7 36. Rh1+ Kg8 37. Bc6 Be6 38. Rxh8+ Kxh8 39. Bd6 Ra7 40. b4 Nd8 41. Bb5 Bc8 42. Bd3 f5 43. exf6 gxf6 44. b5 a5 45. b6 Rg7 46. Rxa5 Bb7 47. Ra2 Ne6 48. Bf5 Ng5 49. Ra7 Ne4 50. Bc7 Ng3 51. Bd3 1-0

[Event "Canada zt"]
[Site "Canada"]
[Date "1986.??.??"]
[Round "?"]
[White "Spraggett, Kevin"]
[Black "Baragar, Fletcher"]
[Result "1-0"]
[WhiteElo "2525"]
[BlackElo "2270"]
[PlyCount "98"]
[EventDate "1986.??.??"]
[Source "ChessBase"]

1. e4 e6 2. d4 d5 3. e5 c5 4. Nf3 Nc6 5. Bd3 cxd4 6. O-O Bd7 7. Re1 Nge7 8. Bf4 Qb6 9. Nbd2 Na5 10. Rb1 Rc8 11. Qe2 Ng6 12. Bg3 Bb4 13. h4 Ne7 14. Bf4 Bxd2 15. Bxd2 Nc4 16. Bc1 h6 17. b3 Na5 18. Ba3 Nac6 19. b4 Ng6 20. b5 Na5 21. Bb4 Nc4 22. Bxg6 fxg6 23. Qd3 Kf7 24. Nxd4 Rhe8 25. a4 Kg8 26. c3 Qd8 27. g3 g5 28. hxg5 Qxg5 29. f4 Qg4 30. Kg2 Rf8 31. Bxf8 Rxf8 32. Rh1 Be8 33. Rh4 Bg6 34. Rxg4 Bxd3 35. Re1 Be4+ 36. Kg1 Kf7 37. Rh4 Rc8 38. g4 Nb2 39. f5 Rxc3 40. Rh2 Rg3+ 41. Kf1 Nd3 42. fxe6+ Ke8 43. Rxe4 dxe4 44. Rc2 Rxg4 45. Rc8+ Ke7 46. Rc7+ Kf8 47. b6 a6 48. Nc6 Rf4+ 49. Kg1 Kg8 1-0

[Event "Dato Arthur Tan Malaysian Op"]
[Site "Kuala Lumpur MAS"]
[Date "2007.08.24"]
[Round "7"]
[White "Bancod, Ron"]
[Black "Sadorra, J."]
[Result "1-0"]
[WhiteElo "2373"]
[BlackElo "2421"]
[PlyCount "135"]
[EventDate "2007.08.20"]
[Source "www.chesslib.no"]
[SourceDate "2004.05.04"]

1. e4 e6 2. d4 d5 3. e5 c5 4. Nf3 Nc6 5. a3 Qb6 6. c4 Nxd4 7. Nxd4 cxd4 8. Nd2 Ne7 9. Bd3 Nc6 10. Qe2 g6 11. b4 Bg7 12. f4 O-O 13. O-O f6 14. exf6 Rxf6 15. Bb2 Bd7 16. g3 Rf7 17. Rac1 Re8 18. Rfe1 a6 19. Qg2 Ne7 20. c5 Qc7 21. Nf3 Nc6 22. Ng5 Rfe7 23. Rc2 Bf6 24. h4 Kg7 25. Rce2 b6 26. cxb6 Qxb6 27. Nf3 Na7 28. g4 Kg8 29. Kh1 Bb5 30. Rd1 Bxd3 31. Rxd3 Nb5 32. Qf2 Qc7 33. Nxd4 Nxd4 34. Bxd4 Bxd4 35. Qxd4 Qc1+ 36. Kg2 Rc7 37. Qe5 Rc4 38. Rf3 d4 39. h5 d3 40. h6 Rc7 41. Rxd3 Qc6+ 42. Kh2 Rce7 43. Rd6 Qc4 44. Kg3 Rf7 45. Rd4 Qc1 46. Qe3 Qh1 47. Rh2 Qf1 48. Rhd2 e5 49. fxe5 Ref8 50. R4d3 Qh1 51. Rh2 Qc6 52. Rc3 Qb7 53. Rg2 Qe7 54. Kh2 Rf1 55. g5 Qe6 56. Qc5 R1f4 57. Qc7 R4f7 58. Qd6 Qf5 59. e6 Rb7 60. e7 Re8 61. Re3 Rbxe7 62. Rxe7 Rxe7 63. Qxe7 Qf4+ 64. Kg1 Qc1+ 65. Kf2 Qd2+ 66. Qe2 Qf4+ 67. Kg1 Qd4+ 68. Rf2 1-0

[Event "Kuopio Open"]
[Site "Kuopio"]
[Date "1992.??.??"]
[Round "4"]
[White "Binham, Timothy F"]
[Black "Naumkin, Igor"]
[Result "0-1"]
[WhiteElo "2330"]
[BlackElo "2460"]
[PlyCount "54"]
[EventDate "1992.07.??"]
[Source "www.chesslib.no"]
[SourceDate "2004.05.04"]

1. e4 e6 2. d4 d5 3. e5 c5 4. Nf3 Nc6 5. Bd3 cxd4 6. O-O Bd7 7. Re1 Nge7 8. Bf4 Ng6 9. Bg3 Be7 10. Nbd2 f5 11. exf6 gxf6 12. Nb3 e5 13. Nh4 Nxh4 14. Qh5+ Kf8 15. Bxh4 Kg7 16. c3 Qc8 17. Nxd4 exd4 18. cxd4 Bg4 19. Qxd5 Qd8 20. Qc4 Bh5 21. d5 Ne5 22. Qd4 Bg6 23. Bf1 Re8 24. Rad1 Bd6 25. f4 Nd7 26. Kh1 Qb6 27. Qd2 Bb4 0-1

[Event "Bad Wiessee (28.11.-06.12)"]
[Site "?"]
[Date "1998.12.05"]
[Round "8"]
[White "Kogan Artur"]
[Black "Dittmar Peter"]
[Result "0-1"]
[WhiteElo "2485"]
[BlackElo "2305"]
[PlyCount "146"]
[EventDate "1998.??.??"]
[Source "www.chesslib.no"]
[SourceDate "2004.05.04"]

1. e4 e6 2. Nf3 d5 3. e5 c5 4. d4 cxd4 5. Bd3 Nc6 6. O-O f6 7. Qe2 fxe5 8. Nxe5 Nf6 9. Bg5 Nxe5 10. Qxe5 Bd6 11. Bb5+ Kf7 12. Qxd4 Qc7 13. Qh4 Qxc2 14. Nc3 Qxb2 15. Rfc1 Qb4 16. f4 a6 17. Bxf6 gxf6 18. Qh5+ Kg7 19. Be8 Qd4+ 20. Kh1 Rxe8 21. Qxe8 Qxf4 22. Qh5 Bd7 23. Rab1 b5 24. Ne2 Qe5 25. Qg4+ Kh8 26. Ng3 Rg8 27. Qf3 Qf4 28. Qe2 Qh4 29. Nf1 Rg4 30. Rb3 Re4 31. Qb2 Qg5 32. Rd1 Qe5 33. Qd2 Re2 34. Qh6 Qf4 35. Qh5 Qf2 36. Qf3 Rxa2 37. Rc1 Qxf3 38. Rxf3 Be5 39. Ne3 Ra1 40. Rxa1 Bxa1 41. Ng4 f5 42. Ra3 Bd4 43. Rxa6 fxg4 44. Rd6 b4 45. Rxd7 b3 46. Rb7 b2 47. h4 gxh3 48. gxh3 h5 49. Kg2 Bg7 50. Kg3 Kh7 51. Rb6 Bf6 52. Kf4 Kg6 53. h4 Bxh4 54. Rxb2 Bg5+ 55. Kg3 Kf5 56. Rf2+ Ke4 57. Rf1 d4 58. Rh1 d3 59. Kf2 h4 60. Re1+ Kf4 61. Rd1 Ke4 62. Re1+ Kd5 63. Rg1 Be7 64. Rg7 Bc5+ 65. Ke1 e5 66. Rd7+ Bd6 67. Kd2 e4 68. Rh7 Bf4+ 69. Kc3 Be5+ 70. Kd2 Bf6 71. Ra7 Kd4 72. Rd7+ Ke5 73. Rf7 Ke6 0-1

[Event "YUG-ch 1/2 fin"]
[Site "?"]
[Date "1997.??.??"]
[Round "11"]
[White "Kontic Djordjije"]
[Black "Drazic Sinisa"]
[Result "1-0"]
[WhiteElo "2360"]
[BlackElo "2430"]
[PlyCount "71"]
[EventDate "1997.??.??"]
[Source "www.chesslib.no"]
[SourceDate "2004.05.04"]

1. e4 e6 2. d4 d5 3. e5 c5 4. Nf3 cxd4 5. Qxd4 Ne7 6. Bd3 Nec6 7. Qf4 Nd7 8. Nc3 h6 9. O-O g5 10. Qg3 Bg7 11. Re1 Kf8 12. b3 Kg8 13. Bb2 a6 14. Nd1 Nc5 15. Ne3 Ne7 16. h4 Nxd3 17. cxd3 gxh4 18. Nxh4 Kh7 19. Ng4 Nf5 20. Nxf5 exf5 21. Nf6+ Bxf6 22. exf6 Rg8 23. Qh2 d4 24. Re7 Qd5 25. Rae1 Bd7 26. R1e5 Bc6 27. Rxd5 Bxd5 28. Qe5 Rad8 29. Qxf5+ Rg6 30. Bxd4 Kg8 31. f3 Bc6 32. Be5 Rg5 33. Qh3 Rxd3 34. Qc8+ Kh7 35. Rxf7+ Kg6 36. Rg7+ 1-0

[Event "Oakham"]
[Site "Oakham"]
[Date "1992.??.??"]
[Round "9"]
[White "Kogan, Artur"]
[Black "Djurhuus, Rune"]
[Result "1/2-1/2"]
[WhiteElo "2370"]
[BlackElo "2420"]
[PlyCount "177"]
[EventDate "1992.03.??"]
[Source "ChessBase"]

1. e4 e6 2. d4 d5 3. e5 c5 4. Nf3 Nc6 5. Bd3 cxd4 6. O-O Bd7 7. Re1 Nge7 8. a3 Ng6 9. b4 Qc7 10. Qe2 f6 11. exf6 gxf6 12. b5 Nce7 13. Nxd4 e5 14. Qh5 O-O-O 15. Nb3 Kb8 16. a4 Rg8 17. a5 Rc8 18. Na3 Qd6 19. Be3 d4 20. Bd2 Be6 21. Kh1 Nd5 22. g3 Nc3 23. f3 Qd7 24. a6 b6 25. Bxc3 Rxc3 26. Be4 Bd5 27. Nb1 Rc7 28. N1d2 Bb4 29. Rf1 Bxe4 30. Nxe4 Be7 31. Qxh7 Qe8 32. Qh3 Rxc2 33. Rac1 Rh8 34. Qxh8 Nxh8 35. Rxc2 Qxb5 36. Rfc1 Qxa6 37. Rc7 Ng6 38. h4 Qe2 39. Nbd2 Bb4 40. h5 Bxd2 41. Nxd2 Qxd2 42. hxg6 Qh6+ 43. Kg2 Qxg6 44. Rd7 Qg8 45. Rcc7 Qa2+ 46. Kh3 Qa6 47. Rc1 Qd3 48. Rcc7 Qxf3 49. Rg7 f5 50. Kh2 f4 51. gxf4 Qxf4+ 52. Kg1 Qe3+ 53. Kg2 Qe2+ 54. Kg1 Qe1+ 55. Kg2 Qe2+ 56. Kg3 Qd3+ 57. Kf2 Qd2+ 58. Kg1 Qd1+ 59. Kg2 Qd2+ 60. Kg1 Qe1+ 61. Kg2 Qe4+ 62. Kg1 Qe3+ 63. Kg2 Qe2+ 64. Kg1 Qa6 65. Rc2 Qa1+ 66. Kh2 Qf1 67. Rcc7 Qf2+ 68. Kh1 Qf3+ 69. Kg1 d3 70. Rcd7 Qd1+ 71. Kg2 Qc2+ 72. Kg3 Qc8 73. Rxd3 e4 74. Rdd7 a5 75. Rge7 a4 76. Rd6 Ka8 77. Rde6 Qc3+ 78. Kh4 a3 79. Rxe4 a2 80. Ra4+ Kb8 81. Rea7 b5 82. Ra8+ Kb7 83. R4a7+ Kb6 84. Ra6+ Kc7 85. R8a7+ Kb8 86. Ra8+ Kc7 87. R8a7+ Kb8 88. Ra8+ Kc7 89. R8a7+ 1/2-1/2